000 01853nam2a2200313 4500
001 RU\NLR\BIBL_A\012328851
005 20201203160728.0
010 _a978-5-98429-280-1
021 _aRU
_bКН-П-20-026060
_9КН-П-20-2015
035 _a(NLR Aleph) 012328851
035 _a(RuMoRGB)010283631
090 _a11461774
_c11461774
100 _a20200909d2020 k y0rusy50 ca
101 0 _arus
102 _aRU
105 _ay z 000zy
200 1 _aСевероирландский конфликт
_aРелигиозные общины и межрелигиозные отношения в современной Западной Европе
_aНаучная публицистика
_f[научный редактор: Яблоков И. Н. - доктор философских наук, заслуженный деятель науки РФ, проф.]
215 _a456 c.
320 _aБиблиогр. в конце гл. и в подстроч. примеч.
461 0 _1001RU\NLR\BIBL_A\012328175
_12001#$aСобрание сочинений$eв 3 томах$fА. В. Шуралёв$vТ. 2
_1700#1$aШуралёв$bА. В.$gАлексей Васильевич
_911458221
_aШуралёв, А. В.
_cТамбов
_d2020
_fА. В. Шуралёв
_nИздательский дом "Мичуринск"
_oв 3 томах
_tСобрание сочинений
_vТ. 2
606 1 _aРелигия
_yЕвропейские страны
_z20 - 21 вв.
_92515938
_3RU\NLR\AUTH\661491180
607 _aСеверная Ирландия
_xПолитика и управление
_z1945 -
_92362023
_3RU\NLR\AUTH\661410421
686 1 _aТ3(4Вл1)63-5
686 1 _aЭ239(4)63
702 1 _aЯблоков
_bИ. Н.
_gИгорь Николаевич
_4340
942 _cBOOK
980 _aNB